Acteurs du film Charlie et la chocolaterie par images - Statistiques

Statistiques générales
  • Ce quiz a été pris 25 fois
  • Le résultat moyen est 3 sur 7
Statistiques - réponses
Par images Hint Réponse % Correct
Willy Wonka Johnny Depp
95%
le Réalisateur Tim Burton
77%
Hellen Bucket Helena Bonham Carter
50%
Wilbur Wonka Christopher Lee
41%
Charlie Bucket Freddie Highmore
18%
Grand-Papa Joe David Kelly
9%
Nathan Bucket Noah Taylor
9%
Aucun quiz correspondant
Distribution des résultats
% des personnes avec chaque résultat
Percentile par nombre de réponses
Votre historique - résultats
Vous n’avez pas pris ce quiz